000
00313nam a22001337a 4500
003
OSt
005
20240403153837.0
008
240403b |||||||| |||| 00| 0 eng d
040
_c
Central Library MRSPTU
100
_a
Dr. Hakam Singh Hundal
245
_a
Homoeo House Doctor
300
_a
212
942
_2
ddc
_c
BK
_n
0
999
_c
9974
_d
9974